00823nam a2200181 a 450000100100000000500170001000800410002704000250006824501130009326000340020630000210024049000640026150000920032571000510041783000510046895201050051999900170062400004606620240307073949.0150617s1987 dr 000 0 spa d aDO-SdBNPbspacBNPHU00aPolíticas del trienio (1987-1990) aprobadas por el Consejo Universitario mediante resolución no. 87-117. aSanto Domingo :bUASD,c1987. a51 p.; :b21 cm.1 aPublicaciones de la Universidad Autónoma de Santo Domingo aA la cabeza de la cubierta Universidad Autónoma de Santo Domingo Primada de América1 aUniversidad Autónoma de Santo Domingo972951 0aUniversidad Autónoma de Santo Domingo917164 0010718PDaPDbPDcHDd2015-06-17iLF1l0o p46066-10r2020-06-25w2020-06-25yLFPDZNo se presta c45555d45555